[Event "Muensterland Verbandsliga 0304"]
[Site "Germany"]
[Date "2004.02.28"]
[Round "7.4"]
[White "Schneider, Manfred"]
[Black "Schulze Ameling, Hendrik"]
[Result "1/2-1/2"]
[WhiteElo "1963"]
[BlackElo "1944"]
[PlyCount "85"]
[EventDate "2003.09.27"]
[EventType "team-tourn"]
[EventRounds "9"]
[EventCountry "GER"]
[SourceTitle "EXT 2005"]
[Source "ChessBase"]
[SourceDate "2004.11.15"]
[SourceVersion "1"]
[SourceVersionDate "2004.11.15"]
[SourceQuality "1"]
[WhiteTeam "Muenster III"]
[BlackTeam "Ahaus Wessum"]
[WhiteTeamCountry "GER"]
[BlackTeamCountry "GER"]

1. e4 e6 2. d4 d5 3. Nc3 Nf6 4. e5 Nfd7 5. f4 c5 6. Nf3 Nc6 7. Be3 Qb6 8. Qd2 c4 9. Nd1 a5 10. b3 cxb3 11. axb3 Be7 12. Bd3 Qb4 13. Nc3 Nb6 14. 0-0 Bd7 15. Nb5 Qxd2 16. Bxd2 0-0 17. c3 Rfc8 18. Ra2 a4 19. bxa4 Rxa4 20. Rxa4 Nxa4 21. Rb1 Na5 22. Ra1 Nb2 23. Rxa5 Nxd3 24. Nd6 Bxd6 25. exd6 f6 26. Ra2 Bb5 27. Ne1 Nxe1 28. Bxe1 Kf7 29. Rb2 Ba6 30. Rb6 Ke8 31. Kf2 Kd7 32. g4 Rc6 33. Rxc6 Kxc6 34. Ke3 Kxd6 35. h4 Bf1 36. Bg3 Ke7 37. g5 Kf7 38. Be1 Kg6 39. Bf2 Kf5 40. Be1 Kg6 41. Bf2 b6 42. Be1 Kf5 43. Bf2 1/2-1/2

[Event "Muensterland Verbandsklasse-A 0203"]
[Site "Muensterland"]
[Date "2002.12.14"]
[Round "4.4"]
[White "Pfeiffer, Oliver"]
[Black "Schneider, Manfred"]
[Result "0-1"]
[WhiteElo "1887"]
[BlackElo "1934"]
[PlyCount "118"]
[EventDate "2002.09.28"]
[EventType "team-tourn"]
[EventRounds "9"]
[EventCountry "GER"]
[SourceTitle "EXT 2004"]
[Source "ChessBase"]
[SourceDate "2003.11.25"]
[SourceVersion "1"]
[SourceVersionDate "2003.11.25"]
[SourceQuality "1"]
[WhiteTeam "Ibbenbueren"]
[BlackTeam "Muenster SK III"]
[WhiteTeamCountry "GER"]
[BlackTeamCountry "GER"]

1. f4 d5 2. Nf3 Nf6 3. e3 c5 4. b3 g6 5. Bb2 Bg7 6. Be2 0-0 7. 0-0 Nc6 8. Ne5 Be6 9. Qe1 d4 10. Nxc6 bxc6 11. Bf3 Nd5 12. Bxd5 cxd5 13. exd4 Qb6 14. Qf2 c4 15. c3 a5 16. Ba3 cxb3 17. axb3 Rfe8 18. Bc5 Qxb3 19. Na3 Qb7 20. Qe2 Reb8 21. Nc2 Qd7 22. Ne3 Bf8 23. g4 f6 24. h3 Bf7 25. f5 Bg7 26. Rfb1 a4 27. Qd1 Rxb1 28. Qxb1 e6 29. Qf1 exf5 30. gxf5 Bh6 31. Ng4 Bg7 32. fxg6 Bxg6 33. Qf4 Re8 34. Rf1 f5 35. Ne5 Qe6 36. Re1 Bh5 37. Nf3 Qg6+ 38. Kf2 Re4 39. Rxe4 fxe4 40. Qb8+ Qe8 41. Qxe8+ Bxe8 42. Ne1 Bh6 43. d3 e3+ 44. Ke2 Bh5+ 45. Nf3 Bf8 46. Kxe3 Bxf3 47. Kxf3 Bxc5 48. dxc5 Kf7 49. Ke3 a3 50. Kd4 a2 51. Kxd5 a1Q 52. c4 Ke7 53. d4 Qh1+ 54. Ke5 Qh2+ 55. Kd5 Qg2+ 56. Ke5 Qg3+ 57. Kd5 Qf3+ 58. Ke5 Qf6+ 59. Kd5 Qe6# 0-1